[Event "Brasschaat op 03rd"]
[Site "Brasschaat"]
[Date "2003.08.??"]
[Round "6"]
[White "Vinck, Alex"]
[Black "Van Habberney, Guy"]
[Result "0-1"]
[WhiteElo "1441"]
[BlackElo "1745"]
[PlyCount "70"]
[EventDate "2003.08.24"]
[EventType "swiss"]
[EventRounds "9"]
[EventCountry "BEL"]
[SourceTitle "EXT 2017"]
[Source "ChessBase"]
[SourceDate "2016.10.25"]
[SourceVersion "1"]
[SourceVersionDate "2016.10.25"]
[SourceQuality "1"]

1. e4 c5 2. Nf3 Nc6 3. d4 cxd4 4. Nxd4 g6 5. Nc3 Bg7 6. Be3 e6 7. Qd2 a6 8. Be2 Qc7 9. 0-0-0 h6 10. f4 Nge7 11. h4 b5 12. Nb3 Na5 13. Kb1 Nc4 14. Bxc4 Qxc4 15. Bd4 Bxd4 16. Nxd4 Bb7 17. Rhe1 Rd8 18. b3 Qc5 19. Kb2 0-0 20. Qe2 Rc8 21. Rd2 Qxc3+ 22. Kb1 Bxe4 23. Rc1 Nd5 24. Re1 Nf6 25. Qd1 d5 26. f5 exf5 27. Nf3 Rc5 28. Ng5 Rfc8 29. Nf3 Ng4 30. Nd4 Ne3 31. Qe2 Ng4 32. Nf3 a5 33. Nd4 a4 34. bxa4 bxa4 35. Nb5 Rb8 0-1

[Event "Brasschaat op 03rd"]
[Site "Brasschaat"]
[Date "2003.08.??"]
[Round "4"]
[White "Vinck, Alex"]
[Black "Veldhuis, Tjitte Durk"]
[Result "0-1"]
[WhiteElo "1441"]
[BlackElo "1656"]
[PlyCount "84"]
[EventDate "2003.08.24"]
[EventType "swiss"]
[EventRounds "9"]
[EventCountry "BEL"]
[SourceTitle "EXT 2017"]
[Source "ChessBase"]
[SourceDate "2016.10.25"]
[SourceVersion "1"]
[SourceVersionDate "2016.10.25"]
[SourceQuality "1"]

1. e4 c5 2. Nf3 Nc6 3. d4 cxd4 4. Nxd4 e6 5. Nc3 a6 6. Be3 Nf6 7. Be2 Be7 8. f3 0-0 9. Qd2 b5 10. Bd3 Ne5 11. 0-0 Nc4 12. Bxc4 bxc4 13. Nce2 Qc7 14. c3 Rd8 15. Ng3 d5 16. Qf2 Bd6 17. Nde2 dxe4 18. Bb6 Qe7 19. Bxd8 Qxd8 20. Nxe4 Nxe4 21. fxe4 Qc7 22. Kh1 Bb7 23. Ng3 Bxg3 24. hxg3 Bxe4 25. Rad1 Bd3 26. Rfe1 e5 27. Qe3 e4 28. b4 h6 29. a4 Rd8 30. a5 Rd5 31. Qb6 Qxg3 32. Kg1 Rg5 33. Qf2 Qe5 34. Re3 Qxc3 35. Qe1 Qxe1+ 36. Rexe1 Rb5 37. Rxd3 exd3 38. Rb1 d2 39. Kf2 Rxb4 40. Rxb4 d1Q 41. Rxc4 Qd2+ 42. Kg1 Qxa5 0-1